| 000 | 00778nam a2200205Ia 4500 | ||
|---|---|---|---|
| 999 |
_c46515 _d46515 |
||
| 001 | 13354 | ||
| 003 | GE_BSU | ||
| 005 | 20240906170358.0 | ||
| 008 | 181216s2013||||ru |||||||||||||| ||rus|| | ||
| 020 | _a978906016133 | ||
| 040 | _cGE_BSU | ||
| 080 | _a28 А-79 | ||
| 100 |
_aАраби, Ибн _923178 |
||
| 245 |
_aИзбранное т. 1 : _bФилософская мысль исламского мира / _cИбн Араби ;Переводы т. 1 Пер. с арабск. вводн. статья и коммент. И. Р. Насырова. |
||
| 264 |
_aМосква : _bООО Садра, _c2013. |
||
| 300 |
_a215 стр. ; _c21 см. |
||
| 653 | _aИзбранное | ||
| 653 | _aФилософская мысль исламского мира | ||
| 942 |
_cBK _2udc |
||